00491nam a22001577a 4500008004100000040005500041080001900096100004700115245004400162246002400206260004500230300001100275650001600286653001300302653001800315230615b |||||||| |||| 00| 0 eng d aNational Science LibrarycNational Science Library a82-32PREbP8.3 aप्रेमचंद, मुंशी  aमानसरोवर - खंड. 3 aMansarovar - Vol. 3 aNew Delhi: bRajkamal Paperbacks, c2008 a264p.  aLiterature  aFiction  aShort Stories